Semi-linear impulsive higher order boundary value problems

This paper considers two-point higher order impulsive boundary value problems, with a strongly nonlinear fully differential equation with an increasing homeomorphism. It is stressed that the impulsive effects are defined by very general functions, that can depend on the unknown function and its deri...

Teljes leírás

Elmentve itt :
Bibliográfiai részletek
Szerzők: Minhós Feliz Manuel
Carapinha Rui
Dokumentumtípus: Folyóirat
Megjelent: 2020
Sorozat:Electronic journal of qualitative theory of differential equations : special edition 4 No. 86
Kulcsszavak:Differenciálegyenlet - határérték probléma
doi:10.14232/ejqtde.2020.1.86

Online Access:http://acta.bibl.u-szeged.hu/73776
LEADER 01390nas a2200217 i 4500
001 acta73776
005 20211112122512.0
008 211112s2020 hu o 0|| eng d
022 |a 1417-3875 
024 7 |a 10.14232/ejqtde.2020.1.86  |2 doi 
040 |a SZTE Egyetemi Kiadványok Repozitórium  |b hun 
041 |a eng 
100 1 |a Minhós Feliz Manuel 
245 1 0 |a Semi-linear impulsive higher order boundary value problems  |h [elektronikus dokumentum] /  |c  Minhós Feliz Manuel 
260 |c 2020 
300 |a 14 
490 0 |a Electronic journal of qualitative theory of differential equations : special edition  |v 4 No. 86 
520 3 |a This paper considers two-point higher order impulsive boundary value problems, with a strongly nonlinear fully differential equation with an increasing homeomorphism. It is stressed that the impulsive effects are defined by very general functions, that can depend on the unknown function and its derivatives, till order n − 1. The arguments are based on the lower and upper solutions method, together with Leray–Schauder fixed point theorem. An application, to estimate the bending of a onesided clamped beam under some impulsive forces, is given in the last section. 
695 |a Differenciálegyenlet - határérték probléma 
700 0 1 |a Carapinha Rui  |e aut 
856 4 0 |u http://acta.bibl.u-szeged.hu/73776/1/ejqtde_spec_004_2020_086.pdf  |z Dokumentum-elérés